LEADER 01039oas 22003973a 450 001 9910891682003321 005 20260218112447.0 011 $a2327-4379 035 $a(DE-599)ZDB2781628-X 035 $a(OCoLC)830321490 035 $a(CONSER) 2013201963 035 $a(CKB)2660000000033446 035 $a(DE-599)2781628-X 035 $a(EXLCZ)992660000000033446 100 $a20130318a20139999 uy a 101 0 $aeng 135 $aur||||||||||| 181 $ctxt$2rdacontent 182 $cc$2rdamedia 183 $acr$2rdacarrier 200 00$aJournal of applied mathematics and physics 210 $aIrvine, CA $cScientific Research Publishing, Inc 300 $aRefereed/Peer-reviewed 311 08$a2327-4352 517 1 $aJAMP 531 0 $aJ. appl. math. phys. 676 $a510 801 0$bDLC 801 1$bDLC 801 2$bDLC 801 2$bOCLCQ 801 2$bOCLCL 906 $aJOURNAL 912 $a9910891682003321 996 $aJournal of applied mathematics and physics$94245087 997 $aUNINA